Statistics for Countries Loading in the World Map

Click here to take the quiz!

General Stats

  • This quiz has been taken 3,186 times
  • The average score is 38 of 40

Answers on the Map

Answers color-coded by a green-red scale on the quiz's map according to % correct below.
Loading ...
 

Answer Stats

Country % Correct
Russia
99%
Iran
98%
Sudan
98%
Somalia
98%
Ethiopia
98%
Yemen
97%
Uzbekistan
97%
Turkmenistan
97%
Turkey
97%
South Sudan
97%
Kenya
97%
Kazakhstan
97%
Japan
97%
Madagascar
97%
Iraq
97%
Mongolia
96%
Australia
96%
Azerbaijan
96%
Georgia
96%
Afghanistan
96%
Armenia
96%
Eritrea
96%
D.R. Congo
95%
Uganda
95%
China
95%
Saudi Arabia
95%
Tajikistan
94%
Djibouti
94%
Central African
Republic
93%
Kyrgyzstan
93%
Chad
93%
Kiribati
91%
Marshall Islands
90%
Mauritius
90%
F.S. Micronesia
90%
Vanuatu
87%
Nauru
86%
Tanzania
86%
Rwanda
84%
Syria
75%

Score Distribution

Percentile by Number Answered

Percent of People with Each Score

Your Score History

You have not taken this quiz